Knot theory / (Record no. 18219)
[ view plain ]
| 000 -LEADER | |
|---|---|
| fixed length control field | 00990cam a2200313 a 4500 |
| 001 - CONTROL NUMBER | |
| control field | 2527017 |
| 005 - DATE AND TIME OF LATEST TRANSACTION | |
| control field | 20240818092947.0 |
| 008 - FIXED-LENGTH DATA ELEMENTS--GENERAL INFORMATION | |
| fixed length control field | 940616t1993 xxuk frb 001 0 eng d |
| 010 ## - | |
| -- | 93087341 |
| 020 ## - INTERNATIONAL STANDARD BOOK NUMBER | |
| International Standard Book Number | 0883850273 |
| 020 ## - INTERNATIONAL STANDARD BOOK NUMBER | |
| International Standard Book Number | 9780883850275 |
| 040 ## - CATALOGING SOURCE | |
| Original cataloging agency | PBm |
| Transcribing agency | PBm |
| Modifying agency | TxGeoS |
| -- | DLC |
| 082 04 - DEWEY DECIMAL CLASSIFICATION NUMBER | |
| Classification number | 514.224 |
| Edition number | 22 |
| Item number | LIV |
| 100 1# - MAIN ENTRY--PERSONAL NAME | |
| Personal name | Livingston, Charles |
| 9 (RLIN) | 35906 |
| 245 10 - TITLE STATEMENT | |
| Title | Knot theory / |
| Statement of responsibility, etc | Charles Livingston. |
| 260 ## - | |
| -- | Washington : |
| -- | Mathematical Association of America, |
| -- | c.1993. |
| 300 ## - PHYSICAL DESCRIPTION | |
| Extent | xviii, 240 p. : |
| Other physical details | forms ; |
| Dimensions | 20 cm. |
| 336 ## - CONTENT TYPE | |
| Source | rdacontent |
| Content type term | text |
| Content type code | txt |
| 337 ## - MEDIA TYPE | |
| Media type term | unmediated |
| Source | rdamedia |
| Media type code | n |
| 338 ## - CARRIER TYPE | |
| Carrier type term | volume |
| Carrier type code | nc |
| Source | rdacarrier |
| 490 1# - SERIES STATEMENT | |
| Series statement | The Carus mathematical monographs ; |
| Volume number/sequential designation | 24 |
| 500 ## - GENERAL NOTE | |
| General note | Index : p. 239-240. |
| 504 ## - BIBLIOGRAPHY, ETC. NOTE | |
| Bibliography, etc | Bibliography : p. 233-237. |
| 650 #0 - SUBJECT ADDED ENTRY--TOPICAL TERM | |
| Topical term or geographic name as entry element | Knot theory |
| 9 (RLIN) | 35907 |
| 653 ## - INDEX TERM--UNCONTROLLED | |
| Resource For college | Engineering, General |
| Arrived date list | April2014 |
| 655 ## - INDEX TERM--GENRE/FORM | |
| Form subdivision | |
| 9 (RLIN) | 34232 |
| 830 #0 - | |
| -- | Carus mathematical monographs ; |
| -- | 24. |
| 942 ## - ADDED ENTRY ELEMENTS (KOHA) | |
| Source of classification or shelving scheme | Dewey Decimal Classification |
| Call number prefix | 514.224 LIV |
| Classification part | RDA-MOD |
| Withdrawn status | Lost status | Source of classification or shelving scheme | Damaged status | Not for loan | Collection code | Home library | Current library | Shelving location | Date acquired | Source of acquisition | Cost, normal purchase price | Total Checkouts | Full call number | Barcode | Date last seen | Cost, replacement price | Price effective from | Koha item type |
|---|---|---|---|---|---|---|---|---|---|---|---|---|---|---|---|---|---|---|
| Dewey Decimal Classification | Baccah | Central Library | Central Library | First floor | 13/04/2014 | 360.00 | 514.224 LIV | 000035879 | 15/07/2025 | 450.00 | 13/04/2014 | Book - Borrowing |